INTRODUCTION TO THE CONSTITUTION OF INDIA (Record no. 9575)

MARC details
000 -LEADER
fixed length control field 00337nam a22001457a 4500
003 - CONTROL NUMBER IDENTIFIER
control field SGT
082 ## - DEWEY DECIMAL CLASSIFICATION NUMBER
Classification number 342.0954,BAS
100 ## - MAIN ENTRY--PERSONAL NAME
Personal name BASU, DURGA DAS
245 ## - TITLE STATEMENT
Title INTRODUCTION TO THE CONSTITUTION OF INDIA
250 ## - EDITION STATEMENT
Edition statement 21ST
260 ## - PUBLICATION, DISTRIBUTION, ETC. (IMPRINT)
Place of publication, distribution, etc GURGAON
Name of publisher, distributor, etc LEXIS NEXIS
Year of Publication 2013
300 ## - PAGE DESCRIPTION
No. of Pages 526
650 ## - SUBJECT ADDED ENTRY--TOPICAL TERM
Topical term or geographic name as entry element CONSTITUTION OF INDIA
942 ## - ADDED ENTRY ELEMENTS (KOHA)
Source of classification or shelving scheme Dewey Decimal Classification
Koha item type Books
942 ## - ADDED ENTRY ELEMENTS (KOHA)
-- 4
Holdings
Withdrawn status Lost status Source of classification or shelving scheme Damaged status Not for loan Collection code Home library Current library Shelving location Date acquired Vendor Name Cost, normal purchase price SGTU Bill Number Total Checkouts Total Renewals Full call number Accession No. (Barcode) Date last seen Date last borrowed Bill Date Koha item type
    Dewey Decimal Classification     LAW SGT Science & Social Sciences Library SGT Science & Social Sciences Library Text Book 21/07/2016 SATYAM BOOKS 295.00 SGTU 985 7 1 342.0954,BAS FL96 07/04/2025 03/04/2025 22/01/2014 Books
    Dewey Decimal Classification     LAW SGT Science & Social Sciences Library SGT Science & Social Sciences Library Text Book 21/07/2016 SATYAM BOOKS 295.00 SGTU 985 3 2 342.0954,BAS FL97 01/12/2018 20/11/2018 22/01/2014 Books
    Dewey Decimal Classification   Not For Loan LAW SGT Science & Social Sciences Library SGT Science & Social Sciences Library Reference Book 21/07/2016 SATYAM BOOKS 295.00 SGTU 985     342.0954,BAS FL98 21/07/2016   22/01/2014 Books
    Dewey Decimal Classification     LAW SGT Science & Social Sciences Library SGT Science & Social Sciences Library Text Book 21/07/2016 SATYAM BOOKS 295.00 SGTU 985 2   342.0954,BAS FL99 28/06/2022 30/05/2022 22/01/2014 Books
    Dewey Decimal Classification     LAW SGT Science & Social Sciences Library SGT Science & Social Sciences Library Text Book 21/07/2016 SATYAM BOOKS 295.00 SGTU 985 2   342.0954,BAS FL100 02/06/2025 07/08/2024 22/01/2014 Books